[Event "South Lyon op"]
[Site "South Lyon"]
[Date "2003.03.09"]
[Round "4"]
[White "Miller, Charles"]
[Black "Gurski, Erin"]
[Result "1-0"]
[WhiteElo "832"]
[BlackElo "1337"]
[PlyCount "67"]
[EventDate "2003.03.08"]
[EventType "swiss"]
[EventRounds "5"]
[EventCountry "USA"]
[SourceTitle "EXT 2008"]
[Source "ChessBase"]
[SourceDate "2007.11.25"]
[SourceVersion "1"]
[SourceVersionDate "2007.11.25"]
[SourceQuality "1"]

1. e4 e5 2. Nf3 Nc6 3. Nc3 Bb4 4. Bb5 Nf6 5. Bxc6 bxc6 6. Nxe5 Qe7 7. d4 Bxc3+ 8. bxc3 d5 9. 0-0 Nxe4 10. Re1 0-0 11. Nxc6 Qf6 12. f3 Nxc3 13. Ne7+ Kh8 14. Qd3 Re8 15. Ng6+ hxg6 16. Rxe8+ Kh7 17. f4 Bf5 18. Qxc3 Rxe8 19. g4 Bxg4 20. Qd3 Re4 21. c3 Qh4 22. Qg3 Qxg3+ 23. hxg3 Re2 24. Rb1 Rc2 25. Be3 Rxc3 26. Bf2 Rc2 27. Rb7 Rxa2 28. Rxc7 Kh6 29. Rxf7 a5 30. Rf8 Ra1+ 31. Kg2 g5 32. f5 g6 33. f6 Ra3 34. Rh8# 1-0

[Event "Romulus op"]
[Site "Romulus"]
[Date "2000.09.03"]
[Round "5"]
[White "Mitchell, Dave"]
[Black "Gurski, Erin"]
[Result "1-0"]
[WhiteElo "1373"]
[BlackElo "576"]
[PlyCount "73"]
[EventDate "2000.09.01"]
[EventType "swiss"]
[EventRounds "7"]
[EventCountry "USA"]
[SourceTitle "EXT 2007"]
[Source "ChessBase"]
[SourceDate "2006.11.23"]
[SourceVersion "1"]
[SourceVersionDate "2006.11.23"]
[SourceQuality "1"]

1. e4 e5 2. Bc4 Nc6 3. Nc3 Bc5 4. d3 d6 5. f4 Be6 6. Bb5 Nge7 7. f5 Bd7 8. Nf3 0-0 9. Qe2 a6 10. Bc4 Be6 11. fxe6 fxe6 12. Be3 Bxe3 13. Qxe3 d5 14. exd5 exd5 15. Nxd5 Nxd5 16. Qe4 Ncb4 17. 0-0-0 b5 18. Bb3 a5 19. a4 bxa4 20. Bxa4 Nb6 21. Bb3+ N6d5 22. c3 Nc6 23. Qxd5+ Kh8 24. Qxc6 Qb8 25. Kc2 Rf6 26. Qc4 Raa6 27. Nxe5 Rf2+ 28. Rd2 Rxd2+ 29. Kxd2 Rf6 30. Nd7 Qd8 31. Nxf6 Qxf6 32. Re1 Qf8 33. Qf7 h6 34. Qxf8+ Kh7 35. Qf5+ g6 36. Qf7+ Kh8 37. Re8# 1-0